01206nam a2200241 a 450000100100000000500170001000800410002704000250006808200150009324501520010824600660026026001590032630000320048550400390051770000280055670000490058471000800063371000510071371000610076404900090082595201130083499900170094700003468920251120073733.0100830s1999 dr ab 001 0 spa d aDO-SdBNPbspacBNPHU axxxxbL75410aLineamientos de políticas de desarrollo urbano para la ciudad de Dajabón /cJulio C. Corral ... [et al.] prólogo Mercedes Sabater Macarrulla.14aDajabón :blineamientos de políticas de desarrollo urbano aSantiago de los Caballeros, República Dominicana :bPontificia Universidad Católica Madre y Maestra :bCentro de Estudios Urbanos y Regionales,c1999. a193 p. :bil., map., retrs. aIncluye bibliografía (p.173-175)1 aCorral, Julio C.9440721 aSabater Macarrulla, Mercedesepról.9601261 aRepública Dominicana.bConsejo Nacional de Asuntos Urbanos (CONAU)9440762 aCentro de Estudios Urbanos y Regionales9145212 aPontificia Universidad Católica Madre y Maestra 9843 aBNPD 0010718PDaPDbPDcCTd2011-10-18iLF1l0oxxxx L754p34689-10r2020-06-25w2020-06-25yLFPDZNo se presta c34180d34180